01516nam a2200349 a 4500001001000000003000500010005001700015008004100032010001100073011001100084040000900095090001000104100004600114245015300160260004100313500006000354502007500414590004100489590004000530590004000570650003400610650004200644650004500686700004700731856007000778901000700848942001000855942000600865999001900871952013600890952014001026000111210CHAP20220329144202.0150119s2014 mx a fsm |||||||spa d a107672 a108644 cCHAP aTesis1 aGutiérrez Aldana, Marco Aurelio912902913aEl Sistema de producción con bovinos de doble propósitoh[En línea]cpor Marco Aurelio Gutiérrez Aldana y Víctor Hugo Sánchez Sánchez. aChapingo, Méx. :bEl autor,c2014. aPara ver el contenido del material haga clic en la liga aTesis (Ing. Agr. Esp. en Zootecnia) -- UACH. Departamento de Zootecnia aE11695DGDb10c20150120lUCH01h1002 aE5995AHEb05c20150119lUCH01h1421 aE5995AHEb05c20150119lUCH01h142414aGanado vacunoxOaxaca.94549914aGanado vacunoxReproducción.94551014aSistemas de producción animal.91067711 aSánchez Sánchez, Víctor Hugo9129030 aFinding aiduhttp://10.13.5.2/tesis/sist111210.pdfzTeclea aquí aBK cTESIS n0 c107672d107672 00104054718TESISaBCbBCd2015-01-19fTESISl0oTesisp33724002441842r2019-12-31 00:00:00w2019-12-31yTESISzRecien adquirido 00102local4053708TESISaBCbBCcPA_TESISd2015-01-19fTESISl0oTesisp33724002441884r2019-12-31 00:00:00tc.2w2019-12-31yTESIS